Entry Nombre geográfico
001 - NÚMERO DE CONTROL
- campo de control: 235966
003 - IDENTIFICADOR DE NÚMERO DE CONTROL
- campo de control: SpMaBN
005 - FECHA Y HORA DE LA ÚLTIMA TRANSACCIÓN
- campo de control: 20240424131353.0
008 - ELEMENTOS DE DATO DE LONGITUD-FIJA
- campo de control de longitud fija: 900725 n anznnbabn |a ana
010 ## - NÚMERO DE CONTROL DE LA BIBLIOTECA DEL CONGRESO
- Número de control de LC: XX455854
016 ## - NÚMERO DE CONTROL DE UNA AGENCIA BIBLIOGRÁFICA NACIONAL
- Número de control del registro: BNE19970560955
024 7# - IDENTIFICADOR DE OTROS ESTÁNDARES
- Número estándar o código: http://id.loc.gov/authorities/subjects/sh87003304
- Fuente: lcsh
024 7# - IDENTIFICADOR DE OTROS ESTÁNDARES
- Número estándar o código: http://ark.bnf.fr/ark:/12148/cb15204708v
- Fuente: bnf
024 7# - IDENTIFICADOR DE OTROS ESTÁNDARES
- Número estándar o código: http://viaf.org/viaf/235687949
- Fuente: viaf
024 7# - IDENTIFICADOR DE OTROS ESTÁNDARES
- Número estándar o código: https://www.wikidata.org/wiki/Q191146
- Fuente: wikidata
034 ## - DATOS MATEMÁTICOS CARTOGRÁFICOS CODIFICADOS
- Coordenadas - longitud más occidental: W0041758
- Coordenadas - longitud más oriental: W0041758
- Coordenadas - latitud más septentrional: N0351019
- Coordenadas - latitud más meridional: N0351019
- Fuente: geonames
040 ## - FUENTE DE CATALOGACIÓN
- Centro catalogador/agencia de origen: SpMaBN
- Lengua de catalogación: spa
- Centro/agencia transcriptor: SpMaBN
- Normas de descripción: rdc
- Convención/Normas de encabezamiento de materia/tesauro: embne
042 ## - CÓDIGO DE AUTENTICACIÓN
- Código de autenticación: 20050718
080 ## - NÚMERO DE LA CLASIFICACIÓN DECIMAL UNIVERSAL
- Número de la Clasificación Decimal Universal: (647.5)
- Identificador de la edición: mrf12
151 ## - ENCABEZAMIENTO--NOMBRE GEOGRÁFICO
- Nombre geográfico: Peñón de Vélez de la Gomera (España)
451 ## - TRAZADO DE VÉASE--NOMBRE GEOGRÁFICO
- Nombre geográfico: Vélez de la Gomera (España, Peñón)
451 ## - TRAZADO DE VÉASE--NOMBRE GEOGRÁFICO
- Nombre geográfico: Vélez de la Gomera (Peñón)
550 ## - TRAZADO VÉASE ADEMÁS--TÉRMINO DE MATERIA
- Subcampo de control: g
- Término de materia o nombre geográfico como elemento de entrada: Islas
- Subdivisión geográfica: España
670 ## - FUENTE DE DATOS ENCONTRADOS
- Cita de la fuente: LCSH;
- Información encontrada: [Peñón de Vélez de la Gomera (Spain)]
670 ## - FUENTE DE DATOS ENCONTRADOS
- Cita de la fuente: Gran Atlas Aguilar, 1969;
- Información encontrada: (Peñón de Vélez de la Gomera; isla)
670 ## - FUENTE DE DATOS ENCONTRADOS
- Cita de la fuente: GeoNames;
- Información encontrada: (Peñón de Vélez de la Gomera)
670 ## - FUENTE DE DATOS ENCONTRADOS
- Cita de la fuente: BnF;
- Información encontrada: [Peñón de Vélez de la Gomera (Melilla, Espagne)]
670 ## - FUENTE DE DATOS ENCONTRADOS
- Cita de la fuente: WWW Bn España aut., 24-4-2024;
- Información encontrada: [Peñón de Vélez de la Gomera (España)]
856 ## - LOCALIZACIÓN Y ACCESO ELECTRÓNICOS
- Identificador Uniforme de Recursos: https://maps.google.es/maps?q=W004+17'58''N035+10'19''
954 ## - CATALOGADOR -ALTA REGISTRO
- Nombre del catalogador: Inmaculada Vicente Garcia
